| 000 | 00925nam a2200277Ia 4500 | ||
|---|---|---|---|
| 003 | OSt | ||
| 005 | 20221005062322.0 | ||
| 006 | a|||||r|||| 00| 0 | ||
| 007 | ta | ||
| 008 | 221004b |||||||| |||| 00| 0 eng d | ||
| 020 |
_a9781138938489 (hbk) _c8693.10 |
||
| 024 | _a25735 | ||
| 037 |
_b1160, 22/03/2016, Bright Book Service _cTextual |
||
| 040 |
_aCRL _cCRL _beng |
||
| 041 |
_2eng _aeng |
||
| 082 | _aV73:191.N, Q6 | ||
| 100 | _aInbar Efraim Ed. | ||
| 245 | 0 |
_aUS foreign policy and global standing in the 21st century _b Realities and perceptions |
|
| 260 |
_aLondon _bRoutledge UK _c2016 |
||
| 300 |
_axiv, 291p. _ccm. |
||
| 490 | _aBESA studies in international security | ||
| 650 | _aHISTORY | ||
| 700 |
_a Rynhold Johathan Ed. _9601700 |
||
| 942 |
_hV73:191.N, Q6 _cTEXL _2cc |
||
| 999 |
_c969520 _d969520 |
||